000 00637nam a2200229Ia 4500
003 OSt
005 20220926011912.0
006 a|||||r|||| 00| 0
007 ta
008 220923b |||||||| |||| 00| 0 eng d
037 _cGeneral Book
040 _aRTL
_cRTL
_beng
041 _2eng
_aeng
082 _aX:94, L6
100 _aPeterson Dan
_9315214
245 0 _aSafety supervision
260 _aNew York
_bAmerican management association publication
_c1976
300 _ax, 211p. Appendix p 155-204
_ccm.
650 _aWages
_9229845
942 _hX:94, L6
_cGB
_2CC
999 _c621263
_d621263